From Sarajevo to Hiroshima : (Record no. 2854)
[ view plain ]
| 000 -LEADER | |
|---|---|
| fixed length control field | 01514cam a2200397 a 4500 |
| 001 - CONTROL NUMBER | |
| control field | ocm12415665 |
| 003 - CONTROL NUMBER IDENTIFIER | |
| control field | OCoLC |
| 005 - DATE AND TIME OF LATEST TRANSACTION | |
| control field | 20190122131134.0 |
| 008 - FIXED-LENGTH DATA ELEMENTS--GENERAL INFORMATION | |
| fixed length control field | 870925r19841978sz b 001 0 eng |
| 010 ## - LIBRARY OF CONGRESS CONTROL NUMBER | |
| LC control number | 86220296 |
| 020 ## - INTERNATIONAL STANDARD BOOK NUMBER | |
| International Standard Book Number | 2880440092 (pbk.) |
| 020 ## - INTERNATIONAL STANDARD BOOK NUMBER | |
| International Standard Book Number | 9782880440091 (pbk.) |
| 029 1# - (OCLC) | |
| OCLC library identifier | NLGGC |
| System control number | 041714024 |
| 029 1# - (OCLC) | |
| OCLC library identifier | NZ1 |
| System control number | 10565000 |
| 029 1# - (OCLC) | |
| OCLC library identifier | AU@ |
| System control number | 000003834774 |
| 035 ## - SYSTEM CONTROL NUMBER | |
| System control number | (OCoLC)12415665 |
| Canceled/invalid control number | (OCoLC)12159129 |
| -- | (OCoLC)12590589 |
| 040 ## - CATALOGING SOURCE | |
| Original cataloging agency | DLC |
| Language of cataloging | eng |
| Transcribing agency | DLC |
| Modifying agency | OCL |
| -- | NLGGC |
| -- | BTCTA |
| -- | YDXCP |
| -- | OCLCG |
| -- | CLU |
| -- | TULIB |
| -- | OCLCO |
| -- | OCLCF |
| 041 1# - LANGUAGE CODE | |
| Language code of text/sound track or separate title | eng |
| Language code of original and/or intermediate translations of text | fre |
| 049 ## - LOCAL HOLDINGS (OCLC) | |
| Holding library | TZAA |
| 050 04 - LIBRARY OF CONGRESS CALL NUMBER | |
| Classification number | HV568 |
| Item number | .D84 |
| 082 0# - DEWEY DECIMAL CLASSIFICATION NUMBER | |
| Classification number | 361.7/7 |
| Edition number | 19 |
| 100 1# - MAIN ENTRY--PERSONAL NAME | |
| Personal name | Durand, André, |
| Dates associated with a name | 1936- |
| 240 10 - UNIFORM TITLE | |
| Uniform title | <a href="De Sarajevo à Hiroshima.">De Sarajevo à Hiroshima.</a> |
| Language of a work | English |
| 245 10 - TITLE STATEMENT | |
| Title | From Sarajevo to Hiroshima : |
| Remainder of title | history of the International Committee of the Red Cross / |
| Statement of responsibility, etc | André Durand. |
| 260 ## - PUBLICATION, DISTRIBUTION, ETC. (IMPRINT) | |
| Place of publication, distribution, etc | Geneva : |
| Name of publisher, distributor, etc | Henry Dunant Institute, |
| Date of publication, distribution, etc | c1984. |
| 300 ## - PHYSICAL DESCRIPTION | |
| Extent | 675 p. ; |
| Dimensions | 23 cm. |
| 500 ## - GENERAL NOTE | |
| General note | Translation of: De Sarajevo à Hiroshima. |
| 500 ## - GENERAL NOTE | |
| General note | Originally published as v. 2 of Histoire du Comité international de la Croix-Rouge by Pierre Boissier and André Durand, 1978. |
| 504 ## - BIBLIOGRAPHY, ETC. NOTE | |
| Bibliography, etc | Includes bibliographical references and index. |
| 610 20 - SUBJECT ADDED ENTRY--CORPORATE NAME | |
| Corporate name or jurisdiction name as entry element | International Committee of the Red Cross |
| General subdivision | History. |
| 9 (RLIN) | 18093 |
| 610 27 - SUBJECT ADDED ENTRY--CORPORATE NAME | |
| Corporate name or jurisdiction name as entry element | International Committee of the Red Cross. |
| Source of heading or term | fast |
| 653 ## - INDEX TERM--UNCONTROLLED | |
| Uncontrolled term | Donation |
| 655 #7 - INDEX TERM--GENRE/FORM | |
| Genre/form data or focus term | History. |
| Source of term | fast |
| 700 1# - ADDED ENTRY--PERSONAL NAME | |
| Personal name | Boissier, Pierre, |
| Dates associated with a name | 1920- |
| Title of a work | Histoire du Comité international de la Croix-Rouge. |
| 942 ## - ADDED ENTRY ELEMENTS (KOHA) | |
| Source of classification or shelving scheme | Library of Congress Classification |
| Koha item type | Books |
| Home library | Current library | Date acquired | Full call number | Barcode | Koha item type |
|---|---|---|---|---|---|
| African Court on Human and Peoples' Rights Library | African Court on Human and Peoples' Rights Library | 22/01/2019 | HV568 .D84 | 10214593 | Books |
